Housing deal to net Dome buyer millions (Record no. 65682)

MARC details
000 -LEADER
fixed length control field 00640cam a2200181 4500
001 - CONTROL NUMBER
control field WB3710-15
008 - FIXED-LENGTH DATA ELEMENTS--GENERAL INFORMATION
fixed length control field 000000n2000 000 0 eng u
035 ## - SYSTEM CONTROL NUMBER
System control number (Sirsi) u110145
245 ## - TITLE STATEMENT
Title Housing deal to net Dome buyer millions
260 ## - PUBLICATION, DISTRIBUTION, ETC.
Date of publication, distribution, etc. 2000
490 ## - SERIES STATEMENT
Series statement Times
Volume/sequential designation 29 December 2000, 1&12(3)
520 ## - SUMMARY, ETC.
Summary, etc. Millionaire property developer Robert Bourne, who offered £125m for the Millennium Dome structure and its surrounding 48-acre site, has been chosen to take control of the Greenwich site in February 2001.
590 ## - LOCAL NOTE (RLIN)
Local note WB
650 ## - SUBJECT ADDED ENTRY--TOPICAL TERM
Topical term or geographic name entry element MILLENNIUM DOME
650 ## - SUBJECT ADDED ENTRY--TOPICAL TERM
Topical term or geographic name entry element GREENWICH
690 ## - LOCAL SUBJECT ADDED ENTRY--TOPICAL TERM (OCLC, RLIN)
Topical term or geographic name as entry element HOUSING-DEVELOPMENT
942 ## - ADDED ENTRY ELEMENTS (KOHA)
Suppress in OPAC 0
Holdings
Withdrawn status Lost status Source of classification or shelving scheme Damaged status Not for loan Home library Current library Shelving location Date acquired Total Checkouts Full call number Barcode Date last seen Copy number Price effective from Koha item type
    Dewey Decimal Classification     London London News article 04/01/2001   WB3710-15 110145-1001 06/08/2019 1 06/08/2019 News article